Teo descubre (Registro nro. 67720)
[ vista simple ]
| 000 -LÍDER | |
|---|---|
| Campo fijo de descripción fija | 01037nam a22002417a 4500 |
| 001 - NÚMERO DE CONTROL | |
| Campo de control | BINCO |
| 003 - IDENTIFICADOR DEL NÚMERO DE CONTROL | |
| Campo de control | CO-MdBIC |
| 005 - FECHA Y HORA DE LA ULTIMA TRANSACCIÓN | |
| control field | 20220411153349.0 |
| 008 - ELEMENTOS DE LONGITUD FIJA -- INFORMACIÓN GENERAL | |
| Campo fijo de descripción fija -- Información general | 220409b1997 pe a|||| |||| 00| 0 spa d |
| 020 ## - NÚMERO INTERNACIONAL NORMALIZADO PARA LIBROS | |
| Número Internacional Normalizado del libro | 8448002644 |
| 040 ## - FUENTE DE CATALOGACIÓN | |
| Agencia de catalogación original | CO-MdBIC |
| Idioma de catalogación | spa. |
| Agencia que realiza la transcripción | CO-MdBIC |
| Agencia que realiza la modificación | CO-MdBIC |
| 041 ## - CÓDIGO DE IDIOMA | |
| Código de idioma para texto/pista de sonido o título separado | spa |
| 082 ## - NÚMERO DE CLASIFICACIÓN DECIMAL DEWEY | |
| Número de la edición del Dewey | 22 |
| Número de clasificación | 863 |
| Clave de autor-Numero de item | D413 |
| 100 ## - ASIENTO PRINCIPAL--NOMBRE PERSONAL | |
| Nombre personal | Denou, Violeta |
| Título de una obra | Denou, Violeta |
| 245 ## - TÍTULO | |
| Título del Material | Teo descubre |
| Parte restante del título - Subtitulo | animales marinos |
| Mención de responsabilidad, etc. | /Denou, Violeta, escritora |
| 260 1# - PUBLICACIÓN, DISTRIBUCIÓN, ETC. (PIE DE IMPRENTA) | |
| Lugar de publicación, distribución, etc. | Perú: |
| Nombre del editor, distribuidor, etc. | Ceac, |
| Fecha de publicación, distribución, etc. | [1997] |
| 260 ## - PUBLICACIÓN, DISTRIBUCIÓN, ETC. (PIE DE IMPRENTA) | |
| Lugar de publicación, distribución, etc. | ©1997 |
| 300 ## - DESCRIPCIÓN FÍSICA | |
| Extensión | 8 paginas; |
| Otros detalles físicos | ilustraciones a color: |
| Dimensiones | 21 cm, |
| 490 ## - MENCIÓN DE SERIE | |
| Mención de serie | teo descubre |
| 500 ## - NOTA GENERAL | |
| Nota General | La colección Teo descubre va dirigida a niños a partir de 2 años y está formada por diversas series. El tema de esta cuarta serie son los animales: los animales domésticos se trabajan en el primer libro, los animales salvajes, en el segundo y los animales marinos, en el tercero. En cada una de las láminas, se plantean animales así como objetos relacionados con ellos.<br/> |
| 650 #7 - ASIENTO SECUNDARIO DE MATERIA - TERMINO TEMÁTICO | |
| 9 (RLIN) | 100 |
| Término temático o nombre geográfico como elemento de entrada | Educación infantil |
| 942 ## - TIPO DE MATERIAL (KOHA) | |
| Tipo de Item KOHA | Z- Libro General BINCO |
| Estado de Material | Estado de Perdido | Forma de Clasificación | Estado de Dañado | No para Préstamo | Biblioteca de Origen | Biblioteca Permanente | Fecha de Adquisición | Total de Préstamos | Signatura Topográfica | Código de Barras | Última vez visto | Ejemplar/Existencia | Fecha de Remplazo | Tipo de Material |
|---|---|---|---|---|---|---|---|---|---|---|---|---|---|---|
| Dewey Decimal Classification | Biblioteca Infantil Comunitaria BINCO | Biblioteca Infantil Comunitaria BINCO | 09/04/2022 | 863 D413 | B32240 | 09/04/2022 | ej.1 | 09/04/2022 | Z- Libro General BINCO |
